Statistiken für Errate die wienerischen Wörter!

Klicken Sie hier um das Quiz zu spielen!

Allgemein

  • Dieses Quiz wurde 447 mal gespielt
  • Das Durchschnittsergebnis liegt bei 8 aus 10

Antwortstatistiken

FrageAntwort% Korrekt
GwandKleidung
95%
SackerlTüte
93%
DepattDumm
92%
AufrissNeue Bekanntschaft
83%
DearischSchwerhörig
83%
WapplerIdiot
79%
TandlerHändler
76%
HawaraFreund
72%
BlunzenfettBetrunken
67%
GschrappKleines Kind
63%

Verteilung der Resultate

Perzentil nach korrekt beantworteten Fragen

Anzahl Personen mit jedem Resultat

Ihre Resultats-Entwicklung

Sie haben dieses Quiz noch nicht gespielt